Hình tượng tác giả trong tiểu thuyết Thượng Đế thì cười của Nguyễn Khải

Nguyễn Khải và hành trình sáng tạo nghệ thuật. Biểu hiện của hình tượng tác giả trong Thượng Đế thì cười. Giá trị thẩm mĩ của hình tượng tác giả trong Thượng Đế thì cười.

में बचाया:
ग्रंथसूची विवरण
मुख्य लेखक: Nguyễn Thị Thủy Tin
अन्य लेखक: Bùi Thanh Tuyền T.S (Hướng dẫn)
स्वरूप: पुस्तक
भाषा:Vietnamese
प्रकाशित: Đà Nẵng Đại học Sư phạm, Đại học Đà Nẵng 2012
विषय:
टैग : टैग जोड़ें
कोई टैग नहीं, इस रिकॉर्ड को टैग करने वाले पहले व्यक्ति बनें!
Thư viện lưu trữ: Mạng thư viện Đại học Đà Nẵng
LEADER 01908nam a2200349 4500
001 000016939
003 13349
005 20130116140134.0
008 130114s2012 viesd
041 0 |a vie 
082 |a 895.9223  |b NG-T 
100 1 |a Nguyễn Thị Thủy Tin 
245 0 |a Hình tượng tác giả trong tiểu thuyết Thượng Đế thì cười của Nguyễn Khải  |c Nguyễn Thị Thủy Tin ; Bùi Thanh Tuyền hướng dẫn  |k Khóa luận tốt nghiệp 
260 |a Đà Nẵng  |b Đại học Sư phạm, Đại học Đà Nẵng  |c 2012 
300 |a 74 tr., phụ lục 5 tr.  |c 29 cm.  |e Đĩa CD, tài liệu tóm tắt 
500 |a Khóa luận tốt nghiệp đại học. Chuyên ngành: Cử nhân văn học 
504 |a Mục lục đầu trang, tài liệu tham khảo tr. 73 - 74, phụ lục [13 tr.] 
520 |a Nguyễn Khải và hành trình sáng tạo nghệ thuật. Biểu hiện của hình tượng tác giả trong Thượng Đế thì cười. Giá trị thẩm mĩ của hình tượng tác giả trong Thượng Đế thì cười. 
600 1 4 |a Nguyễn Khải  |b Vua  |c Đinh Tiên Hoàng  |d 1930-2008  |t Thượng đế thì cười 
650 0 4 |a Tiểu thuyết Việt Nam  |v Khóa luận tốt nghiệp  |x Hình tượng tác giả  |z Việt Nam 
653 |a Khoa Ngữ văn  |a Thượng đế thì cười  |a Tiểu thuyết 
700 |a Bùi Thanh Tuyền  |c T.S  |e Hướng dẫn 
OWN |a LSP 
AVA |a UDN50  |b LSP  |d 895.9223 NG-T  |e available  |t Error 5001 Not defined in file expand_doc_bib_avail.  |f 1  |g 0  |h N  |i 0  |k 1 
999 |a From the UDN01 
AVA |a UDN50  |b LSP  |d 895.9223 NG-T  |e available  |t Error 5001 Not defined in file expand_doc_bib_avail.  |f 1  |g 0  |h N  |i 0  |k 1 
TYP |a Monograph 
TYP |a Printed language 
980 |a Mạng thư viện Đại học Đà Nẵng